Emission properties of a plasma cathode based on a glow discharge for generating nanosecond electron beams; Technical Physics; Vol. 44, № 11

Bibliographic Details
Parent link:Technical Physics.— , 1931-
Vol. 44, № 11.— 1999.— [P. 1318-1321]
Other Authors: Gushenets V. I., Koval N. N. Nikolay Nikolaevich, Tolkachev V. S., Shchanin P. M.
Summary:Title screen
The emission properties of a plasma cathode based on a nanosecond pulsed glow discharge with currents of up to 200A at a pressure of 5Ч10-2 Pa are studied experimentally. Stable ignition and burning of the discharge are ensured if the current in the auxiliary pulsed discharge is 25–30% of that in the main discharge and its pulse duration exceeds that of the main discharge by more than an order of magnitude. Emission current pulses from the cathode with amplitudes of up to 140A fully reproduce the discharge current and are determined by the transparency of the grid anode.
Режим доступа: по договору с организацией-держателем ресурса
Language:English
Published: 1999
Subjects:
Online Access:http://dx.doi.org/10.1134/1.1259516
Format: Electronic Book Chapter
KOHA link:https://koha.lib.tpu.ru/cgi-bin/koha/opac-detail.pl?biblionumber=649176

MARC

LEADER 00000naa0a2200000 4500
001 649176
005 20250303094558.0
035 |a (RuTPU)RU\TPU\network\14337 
035 |a RU\TPU\network\12605 
090 |a 649176 
100 |a 20160623d1999 k||y0rusy50 ba 
101 0 |a eng 
135 |a drcn ---uucaa 
181 0 |a i  
182 0 |a b 
200 1 |a Emission properties of a plasma cathode based on a glow discharge for generating nanosecond electron beams  |f V. I. Gushenets [et al.] 
203 |a Text  |c electronic 
300 |a Title screen 
320 |a [References: p. 1321 (13 tit.)] 
330 |a The emission properties of a plasma cathode based on a nanosecond pulsed glow discharge with currents of up to 200A at a pressure of 5Ч10-2 Pa are studied experimentally. Stable ignition and burning of the discharge are ensured if the current in the auxiliary pulsed discharge is 25–30% of that in the main discharge and its pulse duration exceeds that of the main discharge by more than an order of magnitude. Emission current pulses from the cathode with amplitudes of up to 140A fully reproduce the discharge current and are determined by the transparency of the grid anode. 
333 |a Режим доступа: по договору с организацией-держателем ресурса 
461 |t Technical Physics  |d 1931- 
463 |t Vol. 44, № 11  |v [P. 1318-1321]  |d 1999 
610 1 |a электронный ресурс 
610 1 |a труды учёных ТПУ 
610 1 |a плазменный катод 
610 1 |a эмиссионные свойства 
610 1 |a электронный пучок 
701 1 |a Gushenets  |b V. I. 
701 1 |a Koval  |b N. N.  |c specialist in the field of electronics  |c Professor of Tomsk Polytechnic University, Doctor of technical sciences  |f 1948-  |g Nikolay Nikolaevich  |3 (RuTPU)RU\TPU\pers\34748  |9 18098 
701 1 |a Tolkachev  |b V. S. 
701 1 |a Shchanin  |b P. M. 
801 2 |a RU  |b 63413507  |c 20170414  |g RCR 
856 4 |u http://dx.doi.org/10.1134/1.1259516 
942 |c CF